| 000 | 00596nam a2200181Ia 4500 | ||
|---|---|---|---|
| 008 | 090630s9999 xx 000 0 und d | ||
| 082 | _b13038 | ||
| 100 | _aराजहंस. | ||
| 245 |
_aदोन दिवसांची नाती. _cराजहंस. |
||
| 260 |
_bमनोरमा - मुंबई. _c1986 |
||
| 300 | _a236 | ||
| 600 | _aराजहंस. | ||
| 630 | _aदोन दिवसांची नाती. | ||
| 655 | _aकादंबरी. | ||
| 700 | _aराजहंस. | ||
| 730 | _aदोन दिवसांची नाती. | ||
| 942 | _cBOOK | ||
| 999 |
_c264894 _d264894 |
||